| 000 | 00653nam a2200181 a 4500 | ||
|---|---|---|---|
| 005 | 20240828063739.0 | ||
| 008 | 991125s1944 mx 000 0 spa u | ||
| 035 | _aUPN01000040197 | ||
| 049 | _aCG | ||
| 050 | 4 | _aLB3612 M6.2 | |
| 245 | 0 | 3 |
_aEl movimiento cooperativo escolar en México : _bmonografía / _cUniversidad Nacional Autónoma de México. Instituto de Investigaciones Económicas |
| 260 |
_aMéxico : _bMinerva, _c1944 |
||
| 300 | _a98 p. | ||
| 650 | 4 |
_aCooperativas _zMéxico _912395 |
|
| 650 | 2 |
_aCooperativa escolar _910928 |
|
| 710 | 2 |
_aUniversidad Nacional Autónoma de México. _bInstituto de Investigaciones Económicas |
|
| 905 | _aLibro | ||
| 999 |
_c40197 _d40197 |
||